000 00522nam a2200205Ia 4500
003 0100
008 130303s9999 xx 000 0 und d
040 _cARRUPELIB
050 _aBS2575.6.W45D481996
100 _aDeutsch, Celia
245 _aLady Wisdom, Jesus, and the sages
245 _bmetaphor and social context in Matthew's Gospel
260 _aValley Forge
260 _bTrinity Press International
260 _C1996
300 _ax
300 _b 260p. 23cm.
700 _aCelia Deutsch
942 0 0 _01
999 _c7963
_d7963